[Event "Tournoi francophone 019"]
[Site "Skype"]
[Date "????.??.??"]
[Round "3.5"]
[White "Rodier, Marc"]
[Black "Gadow, Martin"]
[Result "0-1"]
[WhiteElo "1512"]
[BlackElo "1342"]
[PlyCount "82"]

1. e4 c5 2. Nf3 e6 3. d4 cxd4 4. Nxd4 a6 5. c4 Qc7 6. Be3 Nc6 7. Nc3 Nf6 8. a3
Nxd4 9. Bxd4 Be7 10. e5 Ng8 11. Qg4 g6 12. Be2 Nh6 13. Qe4 Nf5 14. O-O Nxd4 15.
Qxd4 O-O 16. Ne4 f5 17. exf6 Bd8 18. Rad1 Qb6 19. c5 Qc7 20. Bf3 Qf4 21. b4
Bxf6 22. Nxf6+ Qxf6 23. Qd6 Qf4 24. Rd4 Qxd6 25. Rxd6 Rb8 26. Rb6 Kf7 27. Rd1
Ke7 28. Kf1 Kd8 29. Ke2 Kc7 30. Ke3 d5 31. Bg4 Rf6 32. Rxd5 Bd7 33. Rdd6 Re8
34. Bf3 Rb8 35. Bd5 h5 36. Bxe6 Bc6 37. Rbxc6+ bxc6 38. Rd7+ Kc8 39. Rd6+ Kc7
40. Rd7+ Kc8 41. Rf7+ Rxe6+ 0-1

[Event "Tournoi francophone 019"]
[Site "Skype"]
[Date "????.??.??"]
[Round "3.6"]
[White "Prieto Umba, Jairo Ovidio"]
[Black "Pourrouquet, Albert"]
[Result "0-1"]
[WhiteElo "1317"]
[BlackElo "1451"]
[PlyCount "48"]

1. e4 c6 2. Bc4 d5 3. Bb3 dxe4 4. d4 Nf6 5. Nc3 Bf5 6. Nge2 e6 7. a3 Bd6 8. Bg5
Nbd7 9. Qd2 O-O 10. O-O Qc7 11. Bf4 e5 12. dxe5 Nxe5 13. Bxe5 Bxe5 14. f4 Qb6+
15. Kh1 Rad8 16. Qe1 Bb8 17. Ng3 Bg6 18. Na4 Qb5 19. Nc3 Qa5 20. Qe2 h6 21.
Rad1 Rxd1 22. Qxd1 Nh5 23. Nxh5 Bxh5 24. Qxh5 Qxh5 0-1

[Event "Tournoi francophone 019"]
[Site "Skype"]
[Date "????.??.??"]
[Round "3.7"]
[White "Castillo, David"]
[Black "Rodriguez Tovar, Liliana"]
[Result "1-0"]
[WhiteElo "1449"]
[BlackElo "1204"]
[PlyCount "75"]

1. c4 Nf6 2. d4 c5 3. Nf3 cxd4 4. Qxd4 Nc6 5. Qd1 e6 6. a3 Be7 7. Nc3 b6 8. e4
O-O 9. h3 d6 10. Bd3 Bb7 11. Be3 Ne5 12. Nxe5 dxe5 13. Bc2 Qxd1+ 14. Rxd1 Rad8
15. O-O Nh5 16. Ne2 f5 17. f3 f4 18. Bf2 Rd6 19. Nc3 Rfd8 20. Rxd6 Rxd6 21. Rd1
Rxd1+ 22. Bxd1 Kf7 23. Kf1 Ng3+ 24. Ke1 Nh1 25. Bg1 Bh4+ 26. Ke2 Ng3+ 27. Kd3
Ke7 28. Nb5 Kd7 29. Nxa7 Bd8 30. a4 Kd6 31. Nb5+ Ke7 32. c5 bxc5 33. Bxc5+ Kd7
34. b4 Kc6 35. Na7+ Kc7 36. Nb5+ Kc6 37. Bb3 Bc8 38. Na7+ 1-0

[Event "Tournoi francophone 019"]
[Site "Skype"]
[Date "????.??.??"]
[Round "3.8"]
[White "Gharbi, Said"]
[Black "Scata, Laura"]
[Result "0-1"]
[WhiteElo "1252"]
[BlackElo "1370"]
[PlyCount "72"]

1. e4 c6 2. Bc4 d5 3. exd5 cxd5 4. Bb3 Nf6 5. d4 Nc6 6. Bg5 e6 7. Nf3 Be7 8.
O-O O-O 9. Re1 Ne4 10. Bf4 Bd6 11. Be5 Bxe5 12. Nxe5 Qc7 13. c4 Nf6 14. Nc3 Rd8
15. Nb5 Qb6 16. a4 a6 17. a5 Nxa5 18. Ba4 Nxc4 19. Nxc4 dxc4 20. Nc3 Qxd4 21.
Ne4 Qxd1 22. Raxd1 Rxd1 23. Rxd1 Nd5 24. Nd6 b5 25. Bc2 Bd7 26. Be4 Bc6 27. f4
Rd8 28. Bxh7+ Kxh7 29. Nxf7 Re8 30. Nd6 Rf8 31. g3 Kg8 32. Kg2 Rd8 33. Ne4 Kf7
34. Ng5+ Ke7 35. Ra1 Ba8 36. Rxa6 Nb4+ 0-1

[Event "Tournoi francophone 019"]
[Site "Skype"]
[Date "????.??.??"]
[Round "3.9"]
[White "Khabou, Taha"]
[Black "Montilla Bejarano, Mey"]
[Result "1-0"]
[WhiteElo "1358"]
[BlackElo "1088"]
[PlyCount "83"]

1. d4 Nf6 2. Bf4 e6 3. e3 d6 4. Bd3 c5 5. c3 Qb6 6. Qc1 Nc6 7. Nd2 d5 8. a4 Na5
9. Rb1 c4 10. Bc2 Nb3 11. Nxb3 cxb3 12. Bd1 a5 13. Qd2 Ne4 14. Qc1 Bd7 15. h3
Bxa4 16. Nf3 Be7 17. Ra1 Qb5 18. Be2 Qc6 19. Ne5 Qc8 20. Rxa4 f6 21. Nf3 Qc6
22. Ra1 a4 23. O-O h5 24. Bd3 Nd6 25. Re1 Nc4 26. e4 a3 27. bxa3 b2 28. Qc2
bxa1=Q 29. Rxa1 Nxa3 30. Qe2 Qxc3 31. Ra2 O-O 32. exd5 Rae8 33. Qxe6+ Kh8 34.
Qe2 Bd6 35. Qd2 Qxd2 36. Bxd2 b5 37. Nh4 Rf7 38. Nf5 Bf8 39. d6 Rd7 40. Bb4 Ra8
41. Rxa3 Rxa3 42. Bxa3 1-0

[Event "Tournoi francophone 019"]
[Site "Skype"]
[Date "????.??.??"]
[Round "3.10"]
[White "Jacquelin, Norbert"]
[Black "Vello, Pablo"]
[Result "0-1"]
[WhiteElo "1703"]
[BlackElo "1190"]
[PlyCount "84"]

1. c4 c5 2. Nc3 Nf6 3. g3 e6 4. Bg2 Be7 5. Nf3 Nc6 6. O-O d5 7. cxd5 exd5 8. d4
c4 9. Ne5 O-O 10. Nxc6 bxc6 11. e4 Bb4 12. Bg5 h6 13. Bxf6 Qxf6 14. exd5 Bxc3
15. bxc3 cxd5 16. Bxd5 Rb8 17. Re1 Bf5 18. Qf3 Rfe8 19. Rxe8+ Rxe8 20. g4 Bd3
21. Qxf6 gxf6 22. Bf3 Kf8 23. h4 Be4 24. Bxe4 Rxe4 25. f3 Re3 26. Rc1 Rxf3 27.
Kg2 Rd3 28. g5 fxg5 29. hxg5 hxg5 30. Rc2 Kg7 31. a4 f5 32. a5 Kf6 33. Kf2 g4
34. Kg2 f4 35. Kf2 Kf5 36. a6 Ke4 37. Re2+ Re3 38. Rd2 g3+ 39. Kg2 Rd3 40. Re2+
Re3 41. Rd2 Rxc3 42. d5 Rd3 0-1

[Event "Tournoi francophone 019"]
[Site "Skype"]
[Date "????.??.??"]
[Round "3.11"]
[White "Radice, Marco"]
[Black "Leyton Calderon, Jairo Oswaldo"]
[Result "0-1"]
[WhiteElo "1198"]
[BlackElo "1541"]
[PlyCount "70"]

1. d4 d5 2. Bf4 c6 3. Nf3 Nf6 4. h3 Bf5 5. e3 e6 6. Be2 Bd6 7. Ne5 Qc7 8. Nd2
Nbd7 9. Ndf3 O-O 10. O-O Nxe5 11. Nxe5 Nd7 12. c4 Nxe5 13. dxe5 Bxe5 14. Bxe5
Qxe5 15. cxd5 exd5 16. Bf3 Rae8 17. Qb3 Re7 18. Rfe1 Rfe8 19. Re2 Qf6 20. Rae1
Bxh3 21. e4 Be6 22. exd5 Bxd5 23. Rxe7 Rxe7 24. Rxe7 Qxe7 25. Bxd5 cxd5 26.
Qxd5 g6 27. Qc4 Qe1+ 28. Kh2 Qe5+ 29. g3 Qxb2 30. Qc8+ Kg7 31. Kg2 a6 32. Qa8
Qb6 33. a4 Qc6+ 34. Kh3 h5 35. Qa7 Qh1# 0-1

[Event "Tournoi francophone 019"]
[Site "Skype"]
[Date "????.??.??"]
[Round "3.12"]
[White "Yepez, German"]
[Black "Sequeda Pimiento, Javier Ricardo"]
[Result "0-1"]
[WhiteElo "1171"]
[BlackElo "1395"]
[PlyCount "60"]

1. e4 e5 2. Nf3 Nc6 3. Bc4 Nf6 4. Ng5 d5 5. exd5 Nxd5 6. d3 Be7 7. Qh5 Bxg5 8.
Bxg5 Qd6 9. Nc3 Be6 10. Ne4 Qd7 11. Nc5 Qc8 12. Nxe6 Qxe6 13. Qf3 h6 14. Bxd5
Qg6 15. Bd2 Nd4 16. O-O-O Nxf3 17. gxf3 O-O-O 18. Be3 Rxd5 19. d4 exd4 20. Bxd4
Rhd8 21. Rdg1 Qf5 22. Bxg7 Qf4+ 23. Kb1 Qxf3 24. Bxh6 Rd1+ 25. Rxd1 Rxd1+ 26.
Rxd1 Qxd1+ 27. Bc1 Qf1 28. b3 Qxf2 29. Bb2 Qxh2 30. a3 f5 0-1

[Event "Tournoi francophone 019"]
[Site "Skype"]
[Date "????.??.??"]
[Round "3.13"]
[White "Rivalta, Paolo"]
[Black "Vasquez Cienfuegos, Oscar"]
[Result "0-1"]
[WhiteElo "1143"]
[BlackElo "1389"]
[PlyCount "54"]

1. e4 Nf6 2. e5 Nd5 3. Nf3 d6 4. c4 Nb6 5. Nc3 Bg4 6. exd6 exd6 7. d4 Be7 8.
Bd3 h6 9. O-O O-O 10. h3 Bxf3 11. Qxf3 c6 12. Re1 Bg5 13. Qe4 g6 14. c5 d5 15.
Qe2 N6d7 16. Qg4 Bxc1 17. Raxc1 Nf6 18. Qh4 Kg7 19. Ne2 Nbd7 20. Ng3 Rh8 21.
Qf4 Nf8 22. Re2 Ne6 23. Qe3 Qc7 24. Rce1 Nf4 25. Rd2 Rhe8 26. Qf3 Rxe1+ 27. Kh2
Rae8 0-1

[Event "Tournoi francophone 019"]
[Site "Skype"]
[Date "????.??.??"]
[Round "3.15"]
[White "Duthoit, Bernard"]
[Black "Busto, Ricardo"]
[Result "0-1"]
[WhiteElo "1320"]
[BlackElo "1194"]
[PlyCount "130"]

1. e4 c5 2. Nf3 d6 3. d4 Nf6 4. dxc5 Nxe4 5. cxd6 Nxd6 6. Bd3 e6 7. O-O Be7 8.
Re1 O-O 9. Nc3 Nc6 10. b3 Qc7 11. Bb2 a6 12. Ne5 Nxe5 13. Rxe5 Bf6 14. Re3 g6
15. Rg3 Be5 16. Re3 Bf6 17. Rb1 b5 18. Ne4 Bxb2 19. Rxb2 Nxe4 20. Bxe4 Bb7 21.
Bxb7 Qxb7 22. b4 Rfd8 23. Rd3 Rd5 24. Rxd5 Qxd5 25. Qxd5 exd5 26. c3 Rd8 27.
Rd2 Kf8 28. f4 f5 29. h3 Ke7 30. g4 Ke6 31. Re2+ Kf6 32. Rg2 fxg4 33. hxg4 h6
34. Kh2 Rh8 35. Kg3 Rh7 36. Rh2 Rh8 37. g5+ Kg7 38. gxh6+ Rxh6 39. Rxh6 Kxh6
40. Kg4 Kg7 41. f5 gxf5+ 42. Kxf5 Kf7 43. Ke5 Ke7 44. Kxd5 Kd7 45. Kc5 Kc7 46.
a3 Kb7 47. c4 bxc4 48. Kxc4 Kc6 49. a4 Kb6 50. a5+ Kc6 51. Kb3 Kb7 52. Kc4 Kc6
53. Kb3 Kb7 54. Ka4 Ka7 55. Kb3 Kb7 56. b5 axb5 57. Kb4 Ka6 58. Kb3 Kxa5 59.
Ka3 b4+ 60. Kb3 Kb5 61. Kb2 Kc4 62. Ka2 b3+ 63. Kb2 Kb4 64. Ka1 Ka3 65. Kb1 b2
0-1

[Event "Tournoi francophone 019"]
[Site "Skype"]
[Date "????.??.??"]
[Round "3.16"]
[White "Hargez, Dany"]
[Black "Malbec, Robert"]
[Result "0-1"]
[WhiteElo "1296"]
[BlackElo "1174"]
[PlyCount "70"]

1. e4 e5 2. Nf3 Nc6 3. Bc4 Bc5 4. d3 Nf6 5. Be3 Bb4+ 6. c3 Be7 7. Nbd2 d6 8.
Bd5 Nxd5 9. exd5 Nb8 10. O-O Nd7 11. Ne4 Nf6 12. Bg5 Nxd5 13. Bxe7 Qxe7 14. c4
Nf6 15. Re1 Be6 16. Qb3 b6 17. Nfg5 O-O 18. Re3 Nxe4 19. dxe4 Qxg5 20. h3 a5
21. a4 Qf6 22. Rf3 Qe7 23. Rd1 Qd7 24. Rg3 Qc6 25. Qc2 Qxc4 26. Rc3 Qa2 27.
Rxc7 Bb3 28. Qxb3 Qxb3 29. Rxd6 Rab8 30. Rd2 Qxa4 31. f3 Qb4 32. Rc3 g6 33. h4
Rbc8 34. Rdc2 Rxc3 35. bxc3 Qb1+ 0-1

[Event "Tournoi francophone 019"]
[Site "Skype"]
[Date "????.??.??"]
[Round "3.17"]
[White "Soubrier, Laure"]
[Black "De Coninck, Philippe"]
[Result "0-1"]
[WhiteElo "1000"]
[BlackElo "1290"]
[PlyCount "68"]

1. d4 e5 2. e4 exd4 3. Qxd4 Nc6 4. Qd1 d6 5. c3 Nf6 6. Bd3 Be7 7. Nf3 Bg4 8.
Nbd2 Qd7 9. Qb3 Na5 10. Qd1 O-O-O 11. h3 Bh5 12. Be2 a6 13. b3 h6 14. Bb2 g5
15. Qc2 Rhg8 16. b4 Nc6 17. a3 Na7 18. c4 g4 19. hxg4 Qxg4 20. Rg1 Bg6 21.
O-O-O Nxe4 22. Nxe4 Bxe4 23. Qb3 Bg5+ 24. Nd2 Qxe2 25. Qh3+ Kb8 26. Bc3 Qxc4
27. Kb2 Qe2 28. Qg3 Bf6 29. Qe3 Bxc3+ 30. Kxc3 Qxe3+ 31. fxe3 Bxg2 32. Nc4 Rg3
33. Kd4 Nc6+ 34. Kd3 Re8 0-1

[Event "Tournoi francophone 019"]
[Site "Skype"]
[Date "????.??.??"]
[Round "3.19"]
[White "Cengiz, Ali Ekber"]
[Black "Esformes, Jacques"]
[Result "0-1"]
[WhiteElo "1266"]
[BlackElo "1147"]
[PlyCount "66"]

1. e4 e5 2. Bc4 Qg5 3. Qf3 Qe7 4. d3 b5 5. Bb3 Nc6 6. Ne2 Ba6 7. O-O Qf6 8. Qg3
Qg6 9. Nbc3 Qxg3 10. fxg3 Bc5+ 11. Kh1 f6 12. Nd5 O-O-O 13. a4 b4 14. Be3 d6
15. a5 Bxe3 16. Nxe3 Nge7 17. Rad1 Nxa5 18. Be6+ Kb7 19. c3 Nac6 20. Nc1 Rb8
21. Nb3 Nd8 22. Bc4 Bxc4 23. Nxc4 Ne6 24. Nba5+ Kc8 25. Ra1 Nc5 26. Rfd1 bxc3
27. bxc3 d5 28. exd5 Nxd5 29. Nc6 Nxc3 30. Rdc1 Nb3 31. Ne7+ Kd7 32. Nd5 Nxd5
33. Rxa7 Nxc1 0-1

[Event "Tournoi francophone 019"]
[Site "Skype"]
[Date "????.??.??"]
[Round "3.20"]
[White "Schnell, Nicolas"]
[Black "Bucherie, Volcy"]
[Result "0-1"]
[WhiteElo "1035"]
[BlackElo "1264"]
[PlyCount "68"]

1. e4 c6 2. Nf3 d5 3. e5 Bf5 4. d3 e6 5. Ng5 Bb4+ 6. Nc3 d4 7. Qh5 Bxc3+ 8.
bxc3 g6 9. Qd1 dxc3 10. Ba3 Qa5 11. Qc1 Qxe5+ 12. Kd1 Bg4+ 13. f3 Bf5 14. g3
Nf6 15. Be2 h6 16. f4 Qd5 17. Bf3 Be4 18. Nxe4 Nxe4 19. Qe3 Nd7 20. Bxe4 Qh5+
21. Ke1 Nb6 22. Bb4 Nd5 23. Qc5 Nxb4 24. Qxb4 O-O-O 25. Rb1 b5 26. Bxc6 Rd6 27.
Qxd6 Rd8 28. Bb7+ Kxb7 29. Qe7+ Kc8 30. Qxa7 Qf3 31. Qa6+ Kc7 32. Qa5+ Kc8 33.
Rf1 Qe3+ 34. Kd1 Qd2# 0-1

[Event "Tournoi francophone 019"]
[Site "Skype"]
[Date "????.??.??"]
[Round "3.21"]
[White "Briere, Jean"]
[Black "Ortis, Yves"]
[Result "1-0"]
[WhiteElo "1259"]
[BlackElo "1147"]
[PlyCount "41"]

1. e4 c5 2. Nf3 Nc6 3. d4 e6 4. d5 exd5 5. exd5 Nd4 6. Nxd4 cxd4 7. Qxd4 d6 8.
Bb5+ Bd7 9. Nc3 a6 10. Bxd7+ Qxd7 11. Bf4 Qf5 12. Qe4+ Ne7 13. Bxd6 g6 14. Qxf5
gxf5 15. O-O-O Kd7 16. Be5 Bh6+ 17. Kb1 Rhg8 18. g3 Ng6 19. Bf6 Bg7 20. Bxg7
Rxg7 21. Rhe1 1-0

[Event "Tournoi francophone 019"]
[Site "Skype"]
[Date "????.??.??"]
[Round "3.22"]
[White "Warin, Benjamin"]
[Black "Sauvaget, Joel"]
[Result "0-1"]
[WhiteElo "1000"]
[BlackElo "1255"]
[PlyCount "58"]

1. e4 e5 2. c3 Nf6 3. Nf3 d6 4. d4 exd4 5. Qxd4 Nc6 6. Qa4 Bd7 7. Bb5 a6 8.
Bxc6 Bxc6 9. Qd4 Nxe4 10. O-O Nf6 11. Bd2 Be7 12. Re1 O-O 13. b4 Bxf3 14. Qe3
Re8 15. Qxf3 c6 16. Qg3 d5 17. Bf4 Nh5 18. Qg4 Nxf4 19. Qxf4 Bf6 20. Qc1 Bg5
21. Qd1 Bf6 22. Qc1 Qd7 23. Na3 Rxe1+ 24. Qxe1 Re8 25. Qc1 Qc7 26. g3 Qd7 27.
Qd2 Qe6 28. Kf1 Qe4 29. Re1 Qh1# 0-1

[Event "Tournoi francophone 019"]
[Site "Skype"]
[Date "????.??.??"]
[Round "3.23"]
[White "L'Herbon De Lussats, Jean"]
[Black "Ibanez, Bittor"]
[Result "1-0"]
[WhiteElo "1233"]
[BlackElo "1047"]
[PlyCount "45"]

1. c4 Nf6 2. d4 d5 3. Nc3 e6 4. e3 c5 5. Nf3 Be7 6. g3 O-O 7. Bg2 cxd4 8. Nxd4
dxc4 9. O-O e5 10. Nf3 Nc6 11. Qc2 Nb4 12. Qe2 Nd3 13. Rd1 Bg4 14. h3 Bxf3 15.
Bxf3 Qd7 16. Kh2 Rad8 17. b3 a6 18. bxc4 e4 19. Nxe4 b6 20. a4 Qe6 21. Rxd3
Rxd3 22. Qxd3 Rd8 23. Qc2 1-0

[Event "Tournoi francophone 019"]
[Site "Skype"]
[Date "????.??.??"]
[Round "3.24"]
[White "Rodriguez, Nathalie"]
[Black "Gerbaux, Regis"]
[Result "0-1"]
[WhiteElo "1224"]
[BlackElo "1024"]
[PlyCount "90"]

1. d4 d5 2. Nc3 c6 3. Nf3 Nf6 4. Bf4 e6 5. e3 Nbd7 6. h3 Be7 7. Be2 b6 8. a3 c5
9. dxc5 Nxc5 10. Bb5+ Bd7 11. Ne5 O-O 12. Nxd7 Ncxd7 13. O-O a6 14. Be2 Bc5 15.
b4 Be7 16. Qd3 e5 17. Bg3 e4 18. Qd4 Nb8 19. Rfd1 Nc6 20. Qd2 Bd6 21. Nxd5 Bxg3
22. Nxf6+ Qxf6 23. fxg3 Rfd8 24. Qc1 Ne5 25. Rf1 Qg6 26. g4 b5 27. Qb2 Qg5 28.
Qc3 Rac8 29. Qb2 Qxe3+ 30. Rf2 Qg3 31. Raf1 Rc6 32. Rf5 Rd5 33. c3 Rh6 34. Qb3
Nf3+ 35. R5xf3 exf3 36. Rxf3 Qe1+ 37. Kh2 Rd7 38. Bd3 Qe5+ 39. Kg1 Qe1+ 40. Rf1
Qe5 41. Rf3 Qe1+ 42. Rf1 Qe3+ 43. Rf2 Rf6 44. Qc2 Rxd3 45. g5 Rxf2 0-1

[Event "Tournoi francophone 019"]
[Site "Skype"]
[Date "????.??.??"]
[Round "3.25"]
[White "Milanese, Serge"]
[Black "De Fazio, Monica"]
[Result "1/2-1/2"]
[WhiteElo "1202"]
[BlackElo "1020"]
[PlyCount "75"]

1. d4 Nf6 2. c4 e6 3. Nc3 Bb4 4. Bd2 d5 5. Qa4+ Nc6 6. e3 O-O 7. Nf3 Bd7 8. Qd1
Ne4 9. Bd3 Bxc3 10. bxc3 Ng5 11. h4 dxc4 12. Bc2 Nxf3+ 13. Qxf3 e5 14. Qe4 f5
15. Qd5+ Kh8 16. Qxc4 Qe7 17. d5 Qf7 18. O-O Rac8 19. Qb5 Nd8 20. Qe2 Qxd5 21.
e4 fxe4 22. Bxe4 Qe6 23. Be3 b6 24. f4 exf4 25. Rxf4 Rxf4 26. Bxf4 Bc6 27. Bd3
Qxe2 28. Bxe2 Ne6 29. Bg4 Re8 30. Bxe6 Rxe6 31. Bxc7 Re2 32. Rd1 Rxg2+ 33. Kf1
Bb5+ 34. Ke1 Rg1+ 35. Kd2 Rxd1+ 36. Kxd1 h6 37. Bd8 a5 38. Bxb6 1/2-1/2

[Event "Tournoi francophone 019"]
[Site "Skype"]
[Date "????.??.??"]
[Round "3.26"]
[White "Trivedi, Viral"]
[Black "Hampton, Irene"]
[Result "1-0"]
[WhiteElo "1202"]
[BlackElo "1000"]
[PlyCount "41"]

1. d4 c6 2. Bf4 d5 3. e3 Bf5 4. Nd2 Nf6 5. c4 Nbd7 6. Qb3 Qc8 7. Ngf3 e6 8. c5
Nxc5 9. dxc5 Be7 10. Bd3 Bxd3 11. Qxd3 Qd8 12. Nb3 O-O 13. h4 a6 14. Be5 h6 15.
Ng5 g6 16. Nxe6 fxe6 17. Qxg6+ Kh8 18. Qxh6+ Kg8 19. Rh3 Rf7 20. Rg3+ Rg7 21.
Qxg7# 1-0

[Event "Tournoi francophone 019"]
[Site "Skype"]
[Date "????.??.??"]
[Round "3.27"]
[White "Sahrane, Juba"]
[Black "Le Bouill, Pierre"]
[Result "1-0"]
[WhiteElo "1514"]
[BlackElo "1223"]
[PlyCount "53"]

1. e4 d6 2. d4 e6 3. Nf3 Nc6 4. Nc3 a6 5. Bd3 g6 6. Qe2 Bg7 7. d5 Ne5 8. Nxe5
dxe5 9. O-O Nf6 10. Rd1 b6 11. Bg5 O-O 12. dxe6 h6 13. exf7+ Kh8 14. Bxa6 Bd7
15. Bxf6 Bxf6 16. Bb5 c6 17. Bxc6 Ra7 18. Qd2 Rxf7 19. Nb5 Bg5 20. Qd5 Bxc6 21.
Qxc6 Rad7 22. Nc3 Kh7 23. Rd5 Bf4 24. Rad1 Bxh2+ 25. Kf1 h5 26. Rxd7 Qf6 27.
Rxf7+ 1-0

[Event "Tournoi francophone 019"]
[Site "Skype"]
[Date "????.??.??"]
[Round "3.28"]
[White "Vincent, Andre"]
[Black "Abate, Luigi"]
[Result "0-1"]
[WhiteElo "1332"]
[BlackElo "1066"]
[PlyCount "84"]

1. c4 e5 2. Nc3 Nf6 3. e4 Bc5 4. d3 d6 5. Nf3 Nc6 6. h3 O-O 7. Be2 h6 8. a3 Re8
9. O-O Be6 10. b4 Bd4 11. Nxd4 Nxd4 12. Bb2 Nd7 13. Nb5 Nxb5 14. cxb5 c6 15.
bxc6 bxc6 16. d4 Nf6 17. f3 Rc8 18. dxe5 dxe5 19. Bxe5 Nd7 20. Bf4 Qf6 21. Be3
c5 22. b5 Qe5 23. a4 Red8 24. Qc1 Qg3 25. Bf2 Qg6 26. Kh2 Ne5 27. Rg1 c4 28.
Bxa7 Rf8 29. Be3 f5 30. b6 fxe4 31. f4 Nd3 32. Qd2 c3 33. Qc2 Nxf4 34. Bxf4
Rxf4 35. Raf1 Rxf1 36. Rxf1 Bd5 37. a5 Qd6+ 38. g3 Bb7 39. Bg4 Rc5 40. Qf2 Bd5
41. b7 Rxa5 42. Bc8 Rb5 0-1

[Event "Tournoi francophone 019"]
[Site "Skype"]
[Date "????.??.??"]
[Round "3.29"]
[White "Fouques Duparc, Paulin"]
[Black "Guillaume, Mickael"]
[Result "1-0"]
[WhiteElo "1228"]
[BlackElo "1126"]
[PlyCount "79"]

1. b4 d5 2. Bb2 d4 3. Nf3 e6 4. a3 c5 5. bxc5 Bxc5 6. c3 Nc6 7. cxd4 Bxd4 8.
Nc3 Bxf2+ 9. Kxf2 Qb6+ 10. e3 Qxb2 11. Nb5 Kd7 12. Rb1 Qf6 13. Rb3 Ne5 14. Qc2
Ng4+ 15. Ke1 Nxe3 16. Qc7+ Ke8 17. Nd6+ Kf8 18. dxe3 Qe7 19. Qxe7+ Kxe7 20.
Nxc8+ Rxc8 21. Rxb7+ Kf6 22. Kd2 Ne7 23. Bd3 a5 24. Rc1 Rxc1 25. Kxc1 Nc6 26.
Kd2 Rd8 27. Ke2 g5 28. h3 h5 29. Rb5 g4 30. hxg4 hxg4 31. Nd2 a4 32. Ne4+ Ke7
33. Rb7+ Kf8 34. Nf6 Ne5 35. Bb5 Ra8 36. Nd7+ Nxd7 37. Rxd7 Ra5 38. Bc6 Rc5 39.
Bxa4 Rc2+ 40. Bxc2 1-0

[Event "Tournoi francophone 019"]
[Site "Skype"]
[Date "????.??.??"]
[Round "3.30"]
[White "Ruiz Aguilera, Juan Jesus"]
[Black "Codina, Teresa"]
[Result "1-0"]
[WhiteElo "1116"]
[BlackElo "1274"]
[PlyCount "94"]

1. e4 c5 2. Nf3 d6 3. d4 cxd4 4. Nxd4 Nf6 5. Nc3 a6 6. Bd3 e6 7. Bg5 Be7 8.
Bxf6 Bxf6 9. Be2 O-O 10. O-O Nd7 11. Bg4 h6 12. Bxe6 Qb6 13. Bxd7 Qxd4 14. Qxd4
Bxd4 15. Rad1 Bc5 16. Na4 Ba7 17. Bxc8 Raxc8 18. Nc3 Rc6 19. Rd2 f5 20. exf5
Rxf5 21. Ne4 d5 22. Ng3 Rg5 23. Re1 Kf7 24. Kf1 h5 25. h4 Rgg6 26. Nf5 Rge6 27.
c3 b5 28. Rxe6 Rxe6 29. Rxd5 Bb6 30. Rd7+ Kg6 31. Nxg7 Rf6 32. f3 a5 33. Ke2 a4
34. b3 axb3 35. axb3 Rc6 36. Rb7 Bd8 37. g3 Rxc3 38. Ne6 Bf6 39. Rxb5 Rc2+ 40.
Ke3 Rc3+ 41. Ke4 Rc1 42. Nf4+ Kf7 43. Rb7+ Be7 44. Nd5 Re1+ 45. Kf4 Ke8 46.
Rxe7+ Rxe7 47. Nxe7 Kxe7 1-0

[Event "Tournoi francophone 019"]
[Site "Skype"]
[Date "????.??.??"]
[Round "3.33"]
[White "Cassano, Mariangela"]
[Black "Colangelo, Michele"]
[Result "0-1"]
[WhiteElo "1000"]
[BlackElo "1108"]
[PlyCount "50"]

1. d4 d5 2. e3 a6 3. Be2 Bf5 4. Nf3 Nc6 5. c3 e6 6. O-O Nf6 7. h3 Be7 8. Nbd2
O-O 9. a3 h6 10. Ne5 Nxe5 11. dxe5 Nd7 12. Bg4 Bxg4 13. hxg4 Nxe5 14. Nf3 Nxg4
15. Nd4 Qd6 16. Qxg4 f5 17. Qh3 c5 18. Bd2 cxd4 19. exd4 Rac8 20. Rac1 Qd8 21.
Be3 Bg5 22. Qh5 f4 23. Bd2 Rf5 24. Rfe1 Bh4 25. Rxe6 Rxh5 0-1

[Event "Tournoi francophone 019"]
[Site "Skype"]
[Date "????.??.??"]
[Round "3.34"]
[White "Dida, Brahim"]
[Black "Lecluyse, Koenraad"]
[Result "0-1"]
[WhiteElo "1000"]
[BlackElo "1096"]
[PlyCount "66"]

1. e4 e5 2. Nf3 Nc6 3. Nc3 Nf6 4. a3 d6 5. h3 Be7 6. d3 h6 7. Be2 O-O 8. Be3
Be6 9. Qd2 d5 10. Bxh6 dxe4 11. Nxe4 Nxe4 12. dxe4 Qxd2+ 13. Bxd2 Rfd8 14. Ng5
Nd4 15. Bd3 Bc4 16. O-O-O Bxd3 17. cxd3 Ne2+ 18. Kb1 Rxd3 19. Rhe1 Nd4 20. Bc3
Rxd1+ 21. Rxd1 Bxg5 22. Bxd4 exd4 23. Rxd4 c5 24. Rd7 b5 25. Rd5 Be7 26. Re5
Bd6 27. Rd5 Rd8 28. b4 cxb4 29. axb4 Bxb4 30. Rxd8+ Kh7 31. Rd7 f6 32. Rxa7 Bc5
33. f4 Bxa7 0-1

[Event "Tournoi francophone 019"]
[Site "Skype"]
[Date "????.??.??"]
[Round "3.35"]
[White "Wildt, Gerti"]
[Black "Fabre, Gregory"]
[Result "1-0"]
[WhiteElo "1067"]
[BlackElo "1000"]
[PlyCount "45"]

1. d4 d5 2. Nf3 f5 3. Bg5 h6 4. Bh4 g5 5. Bxg5 hxg5 6. Nxg5 Qd6 7. e3 Qb4+ 8.
c3 Qxb2 9. Nd2 Qxc3 10. Ngf3 Nf6 11. Be2 a6 12. O-O Ng4 13. h3 Nf6 14. Nb3 Bd7
15. Rc1 Qb4 16. Rxc7 Ne4 17. Qc1 Qd6 18. Ne5 Nc6 19. Rxd7 Qe6 20. Nc5 Qh6 21.
Nxb7 Rg8 22. Qxc6 Qxh3 23. Rd8# 1-0

[Event "Tournoi francophone 019"]
[Site "Skype"]
[Date "????.??.??"]
[Round "3.36"]
[White "Tolaro, Filippa"]
[Black "Rodgerson, Michael"]
[Result "1-0"]
[WhiteElo "1048"]
[BlackElo "1000"]
[PlyCount "85"]

1. d4 e5 2. Nf3 Nc6 3. Nxe5 Nxe5 4. dxe5 Be7 5. e3 d6 6. exd6 Bxd6 7. Bd3 Bd7
8. O-O Qb8 9. Nd2 b6 10. f4 Qb7 11. Qf3 O-O-O 12. Qxb7+ Kxb7 13. a3 Nf6 14. b4
Rhe8 15. Nc4 Bf8 16. Ne5 Be6 17. c3 Bb3 18. Bb5 Re6 19. Rb1 Ba2 20. Rb2 Bd5 21.
c4 Red6 22. cxd5 Rxd5 23. Bc6+ Kb8 24. Bxd5 Nxd5 25. Nxf7 Re8 26. Ne5 Nxe3 27.
Bxe3 Rd8 28. Nc6+ Kb7 29. Nxd8+ Kc8 30. Ne6 c5 31. bxc5 bxc5 32. Rc2 Kd7 33.
Nxc5+ Kd6 34. Rd1+ Ke7 35. Rd7+ Kf6 36. g4 h5 37. gxh5 Kf5 38. Rf7+ Kg4 39.
Rg2+ Kf3 40. Rg3+ Ke2 41. Rxf8 g6 42. hxg6 a5 43. Rd8 1-0

[Event "Tournoi francophone 019"]
[Site "Skype"]
[Date "????.??.??"]
[Round "4.1"]
[White "Deville, Olivier"]
[Black "Pourrouquet, Albert"]
[Result "1-0"]
[WhiteElo "1751"]
[BlackElo "1451"]
[PlyCount "47"]

1. d4 d5 2. c4 e6 3. Nc3 a6 4. e3 Nf6 5. Nf3 c5 6. cxd5 exd5 7. Be2 Nc6 8. O-O
Bf5 9. a3 h6 10. dxc5 Bxc5 11. b4 Bd6 12. Bb2 O-O 13. Nd4 Bg6 14. Rc1 Rc8 15.
Na4 Re8 16. Nxc6 Rxc6 17. Rxc6 bxc6 18. Bxa6 Ne4 19. Be2 Qh4 20. g3 Qh3 21. Bg4
Bh5 22. Bxh3 Bxd1 23. Rxd1 Ng5 24. Bd7 1-0

[Event "Tournoi francophone 019"]
[Site "Skype"]
[Date "????.??.??"]
[Round "4.2"]
[White "Lambert, Pierre"]
[Black "Castillo, David"]
[Result "0-1"]
[WhiteElo "1660"]
[BlackElo "1449"]
[PlyCount "114"]

1. e4 d5 2. e5 Bf5 3. d4 h6 4. Nf3 e6 5. Bd3 Be7 6. Bxf5 exf5 7. Qd3 g6 8. Qb5+
Nc6 9. Nc3 Bb4 10. Bd2 Bxc3 11. Bxc3 Qc8 12. Qxd5 Nge7 13. Qb5 a6 14. Qd3 Qe6
15. Bd2 O-O-O 16. O-O Nxe5 17. Nxe5 Qd5 18. c4 Qxe5 19. dxe5 Rxd3 20. Bc3 Rhd8
21. Rfe1 Nc6 22. e6 fxe6 23. Rxe6 R3d6 24. Rae1 Rxe6 25. Rxe6 Rd1+ 26. Re1
Rxe1+ 27. Bxe1 Kd7 28. Bc3 Ke6 29. f4 b6 30. Kf2 Ne7 31. Bd2 Nc8 32. Ke3 c5 33.
Kd3 Nd6 34. Be3 Ne4 35. b4 Kd6 36. g4 b5 37. bxc5+ Nxc5+ 38. Bxc5+ Kxc5 39.
cxb5 axb5 40. gxf5 gxf5 41. a3 Kd5 42. h3 Kc5 43. Kc3 h5 44. h4 Kd5 45. Kd3 Ke6
46. Kc3 Kd5 47. Kd3 Kc6 48. Kd4 Kd6 49. Kc3 Kc5 50. Kd3 Kd5 51. Kc3 Ke4 52. Kb4
Kxf4 53. Kxb5 Kg3 54. a4 f4 55. a5 f3 56. a6 f2 57. a7 f1=Q+ 0-1